| 000 | 01086cam a22003374a 4500 | ||
|---|---|---|---|
| 001 | 5580 | ||
| 003 | FISKH | ||
| 005 | 20241218155137.0 | ||
| 008 | 000624s2001 nyua b 000 0 eng | ||
| 010 | _a 00056974 | ||
| 020 | _a0789473593 (pbk.) | ||
| 020 | _a0789473607 | ||
| 020 | _a9780756672041 | ||
| 040 |
_aDLC _cDLC _dDLC _beng |
||
| 050 | _aTL793.W325 | ||
| 082 | _a629.47 | ||
| 100 | 1 | _aWallace, Karen. | |
| 245 | 1 | 0 |
_aRockets and spaceships / _cwritten by Karen Wallace. |
| 260 |
_aNew York : _bDorling Kindersley Publishing, _c2001. |
||
| 300 |
_a32 pages : _bcolor illustrations ; _c23 cm |
||
| 440 | 0 | _aDorling Kindersley readers | |
| 505 | _aK | ||
| 520 | _aDescribes how space shuttles, probes, satellites, the Hubble space telescope, and space stations allow astronauts to explore the moon and planets. | ||
| 521 | 8 |
_a510
_bLexile |
|
| 521 | 8 |
_aK
_bRaz-Plus |
|
| 650 | 0 |
_aSpace vehicles _vJuvenile literature. |
|
| 650 | 1 | _aSpace vehicles. | |
| 906 |
_a7 _bcbc _corignew _d1 _eocip _f20 _gy-gencatlg |
||
| 942 |
_2ddc _cBK _n0 |
||
| 999 |
_c5580 _d5580 |
||